MARC details
| 000 -CABECERA |
| campo de control de longitud fija |
01220nam a2200289 u 4500 |
| 005 - FECHA Y HORA DE LA ÚLTIMA TRANSACCIÓN |
| campo de control |
20250924063914.0 |
| 008 - ELEMENTOS DE LONGITUD FIJA--INFORMACIÓN GENERAL |
| campo de control de longitud fija |
170621s2009 r 000 0 eng d |
| 020 ## - NÚMERO INTERNACIONAL NORMALIZADO PARA LIBROS |
| Número Internacional Estándar del Libro |
9786072003149 |
| 035 ## - NÚMERO DE CONTROL DEL SISTEMA |
| Número de control de sistema |
UPN01000219029 |
| 040 ## - FUENTE DE LA CATALOGACIÓN |
| Centro catalogador/agencia de origen |
UPN |
| Lengua de catalogación |
spa |
| Centro/agencia transcriptor |
UPN |
| 049 ## - COLECCIÓN |
| Colección |
CG |
| 050 #4 - SIGNATURA TOPOGRÁFICA DE LA BIBLIOTECA DEL CONGRESO |
| Número de clasificación |
LB1028.3 |
| Número de documento/Ítem |
A6.7 |
| 245 00 - MENCIÓN DE TÍTULO |
| Título |
Aprender y enseñar con TIC en educación superior : |
| Resto del título |
contribuciones del socioconstructivismo / |
| Mención de responsabilidad, etc. |
comp. Frida Díaz Barriga ... [et al.]. |
| 260 ## - PUBLICACIÓN, DISTRIBUCIÓN, ETC. |
| Lugar de publicación, distribución, etc. |
México : |
| Nombre del editor, distribuidor, etc. |
UNAM, |
| Fecha de publicación, distribución, etc. |
c2009. |
| 300 ## - DESCRIPCIÓN FÍSICA |
| Extensión |
271 p. : |
| Otras características físicas |
cuadros, gráfs., il. |
| 500 ## - NOTA GENERAL |
| Nota general |
Es bibliografía básica de : Licenciatura en Enseñanza del Francés. |
| 530 ## - NOTA DE FORMATO FÍSICO ADICIONAL DISPONIBLE |
| Nota de formato físico adicional disponible |
También disponible en línea. |
| 610 24 - ASIENTO SECUNDARIO DE MATERIA - NOMBRE CORPORATIVO |
| Nombre de entidad corporativa o nombre de jurisdicción como elemento de entrada |
Universidad Pedagógica Nacional (México). |
| Unidad subordinada |
Licenciatura en Enseñanza del Francés |
| 9 (RLIN) |
47569 |
| 650 #4 - ASIENTO SECUNDARIO DE MATERIA - TERMINO TEMATICO |
| Término de materia o nombre geográfico como elemento de entrada |
Tecnología educativa |
| Subdivisión geográfica |
México |
| 9 (RLIN) |
13838 |
| 650 #4 - ASIENTO SECUNDARIO DE MATERIA - TERMINO TEMATICO |
| Término de materia o nombre geográfico como elemento de entrada |
Computadoras en la educación |
| 9 (RLIN) |
4976 |
| 650 #4 - ASIENTO SECUNDARIO DE MATERIA - TERMINO TEMATICO |
| Término de materia o nombre geográfico como elemento de entrada |
Tecnologías de la información y comunicación |
| 9 (RLIN) |
21219 |
| 700 1# - ASIENTO SECUNDARIO--NOMBRE DE PERSONAL |
| Nombre de persona |
Díaz Barriga, Frida, |
| Fechas asociadas al nombre |
1955- |
| Término indicativo de función/relación |
comp. |
| 9 (RLIN) |
30592 |
| 856 40 - LOCALIZACIÓN Y ACCESO ELECTRÓNICOS |
| Identificador Uniforme del Recurso |
<a href="http://www.librosoa.unam.mx/bitstream/handle/123456789/3487/Aprender%20y%20Ensen%cc%83ar%20con%20TIC.pdf?sequence=4&isAllowed=y">http://www.librosoa.unam.mx/bitstream/handle/123456789/3487/Aprender%20y%20Ensen%cc%83ar%20con%20TIC.pdf?sequence=4&isAllowed=y</a> |
| 905 ## - TIPO DE MATERIAL |
| Tipo de material |
Libro |
| 942 ## - ELEMENTOS DE PUNTO DE ACCESO ADICIONAL (KOHA) |
| Fuente del sistema de clasificación o colocación |
Library of Congress Classification |
| Tipo de ítem Koha |
Libro |